Biolofy (Record no. 24139)

MARC details
000 -LEADER
fixed length control field 00589nam a22002177a 4500
003 - CONTROL NUMBER IDENTIFIER
control field OSt
005 - DATE AND TIME OF LATEST TRANSACTION
control field 20260612115814.0
008 - FIXED-LENGTH DATA ELEMENTS--GENERAL INFORMATION
fixed length control field 260612b |||||||| |||| 00| 0 eng d
020 ## - INTERNATIONAL STANDARD BOOK NUMBER
International Standard Book Number 978-1-260-56595-9
040 ## - CATALOGING SOURCE
Transcribing agency Chuka University Library
050 ## - LIBRARY OF CONGRESS CALL NUMBER
Classification number QH 308.2 .R38 2020
100 ## - MAIN ENTRY--PERSONAL NAME
Personal name Mason A. Kenneth
9 (RLIN) 28903
245 ## - TITLE STATEMENT
Title Biolofy
250 ## - EDITION STATEMENT
Edition statement 12th ED
260 ## - PUBLICATION, DISTRIBUTION, ETC.
Place of publication, distribution, etc. USA
Name of publisher, distributor, etc. McGraw-Hill Education
Date of publication, distribution, etc. 2020
300 ## - PHYSICAL DESCRIPTION
Extent xix, 1344P
Other physical details Illustrations, Preface and Index
650 ## - SUBJECT ADDED ENTRY--TOPICAL TERM
Topical term or geographic name entry element Biology
700 ## - ADDED ENTRY--PERSONAL NAME
Personal name Losos B. Jonathan
9 (RLIN) 28904
700 ## - ADDED ENTRY--PERSONAL NAME
Personal name Duncan Tod
9 (RLIN) 28905
942 ## - ADDED ENTRY ELEMENTS (KOHA)
Source of classification or shelving scheme Library of Congress Classification
Koha item type Long Loan Books
Suppress in OPAC No

No items available.

Powered by Koha